Wszystkie Flagi Europy - Statystyki

Ogólne statystyki
  • Ten quiz został rozwiązany 334 razy
  • Średni wynik to 41 z 45
Statystyki odpowiedzi
Obrazkowy Odpowiedź % Poprawnych
Albania
97%
Grecja
97%
Hiszpania
97%
Belgia
96%
Austria
95%
Chorwacja
95%
Czechy
95%
Finlandia
95%
Francja
95%
Niemcy
95%
Polska
95%
Białoruś
94%
Dania
94%
Estonia
94%
Portugalia
94%
Ukraina
94%
Włochy
94%
Irlandia
93%
Rosja
93%
Szwajcaria
93%
Szwecja
93%
Wielka Brytania
93%
Holandia
92%
Litwa
92%
Malta
92%
Łotwa
91%
Luksemburg
91%
Macedonia
91%
Norwegia
91%
Węgry
91%
Bośnia i Hercegowina
90%
Słowacja
90%
Watykan
90%
Bułgaria
89%
Czarnogóra
89%
Islandia
89%
Monako
89%
Rumunia
89%
San Marino
89%
Serbia
89%
Słowenia
89%
Kosowo
87%
Mołdawia
86%
Andora
85%
Liechtenstein
85%
Nie znaleziono quizów pasujących do podanych kryteriów
Rozkład punktacji
Procent ludzi z każdym wynikiem
Percentyl według liczby udzielonych odpowiedzi
Twoja historia wyników
Nie rozwiązałeś tego quizu